Možnosti postupu správcu dane pri posúdení odvolania

Správca dane musí posúdiť, či podané odvolanie obsahuje všetky obligatórne obsahové súčasti dané právnou úpravou. Pokiaľ áno, správca dane posúdi, či podané odvolanie nemožno zamietnuť. Pokiaľ podané odvolanie zamietne, upovedomí o tom daňový subjekt. Ak sa tak nestane, správca dane zváži, či o poda...

Description complète

Enregistré dans:
Détails bibliographiques
Auteur principal: Hrtánek, Ladislav
Format: Chapitre de livre
Langue:slovaque
Sujets:
Tags: Ajouter un tag
Pas de tags, Soyez le premier à ajouter un tag!

MARC

LEADER 00000naa a2200000 4500
001 0303940
005 20240904075955.4
041 0 |a slo 
044 |a SK 
245 1 0 |a Možnosti postupu správcu dane pri posúdení odvolania  |c Ladislav Hrtánek 
520 |a Správca dane musí posúdiť, či podané odvolanie obsahuje všetky obligatórne obsahové súčasti dané právnou úpravou. Pokiaľ áno, správca dane posúdi, či podané odvolanie nemožno zamietnuť. Pokiaľ podané odvolanie zamietne, upovedomí o tom daňový subjekt. Ak sa tak nestane, správca dane zváži, či o podanom odvolaní rozhodne v rámci autoremedúry. Predmetné rozhodnutie správcu dane vydané v rámci autoremedúry však musí obsahovať jednotlivé obsahové súčasti. 
610 2 0 |a správa daňová 
610 2 0 |a odvolanie 
610 2 0 |a úpravy právne 
610 2 0 |a subjekty daňové 
610 2 0 |a prostriedky opravné 
610 2 0 |a zákony 
100 1 |a Hrtánek, Ladislav